| 000 | 00706nam a2200229 a 4500 | ||
|---|---|---|---|
| 001 | 55386 | ||
| 003 | BD-RjUL | ||
| 005 | 20211209080246.0 | ||
| 008 | 161117r19681957nyu b 000 0 engm | ||
| 035 | _a(BD-RjUL)55508 | ||
| 040 |
_aDLC _cHRM _dBD-RjUL _dBD-RjUL _dBD-RjUL _beng |
||
| 041 | _aeng | ||
| 082 |
_223 _a822.33 _bTRS 1968 |
||
| 090 | _b.T78 | ||
| 100 | 1 |
_aTraversi, Derek, _d1912-2005. _9163030 |
|
| 245 | 1 | 0 |
_aShakespeare : _b from Richard II to Henry V / _cDerek Traversi |
| 260 |
_aLondon : _bHollis& Carter, _cc1957 [Reprinted 1968] |
||
| 300 |
_a198 p. ; _c23 cm. |
||
| 504 | _aBibliographical footnotes. | ||
| 600 | 1 | 0 |
_aShakespeare, William, _d1564-1616 _xHistories. _9162977 |
| 942 |
_2ddc _cBK |
||
| 999 |
_c55386 _d55386 |
||